| 000 | 00520nam a22001577a 4500 | ||
|---|---|---|---|
| 020 | _qHard Cover. | ||
| 082 | _a004 | ||
| 100 | _aYousuf, Sana | ||
| 245 |
_aVision based fire detection system for efficient warning dissemination / _cSana Yousuf. |
||
| 260 |
_aIslamabad: _bMCS - NUST, _c2012. |
||
| 300 |
_a109 p. : _bill. ; _c30cm. |
||
| 650 |
_aComputer Software Engineering MS-Thesis. _916105 |
||
| 700 |
_aDr. Imran Ahmed Siddiqi _935265 |
||
| 942 |
_2ddc _cTHE |
||
| 999 |
_c540960 _d540960 |
||